The assessment of mixing/solid suspension in a slab tank due to vibratory agitation /

Bibliographic Details
Main Author: Ramsey, Christopher Joseph, 1961-
Format: Thesis eBook
Language:English
Published: [Place of publication not identified] : [publisher not identified] ; 1988.
Subjects:
Online Access:Link to OAKTrust copy

MARC

Tag First Indicator Second Indicator Subfields
LEADER 00000cam a2200000 a 4500
001 in00000779513
005 20220103115048.0
007 cr unu a
008 891016s1988 xx a b 00010 eng d
035 |9 ADM6250AM 
035 |a (OCoLC)20496271 
040 |a TXA  |c TXA  |d UtOrBLW 
049 |a TXAZ [Also in] [Archives]  |c 1 [A11766048], 2 [A11766098] 
099 |a 1988  |a Thesis  |a R183 
100 1 |a Ramsey, Christopher Joseph,  |d 1961- 
245 1 4 |a The assessment of mixing/solid suspension in a slab tank due to vibratory agitation /  |c by Christopher Joseph Ramsey. 
264 1 |a [Place of publication not identified] :  |b [publisher not identified] ;  |c 1988. 
300 |a xii, 67 leaves :  |b illustrations ;  |c 29 cm. 
336 |a text  |b txt  |2 rdacontent 
337 |a computer  |b c  |2 rdamedia 
338 |a online resource  |b cr  |2 rdacarrier 
500 |a "Major subject: Mechanical Engineering." 
500 |a Typescript (photocopy). 
500 |a Vita. 
502 |b M.S.  |c Texas A&M University  |d 1988. 
504 |a Includes bibliographical references. 
530 |a Also available online. 
650 0 |a Fluid dynamics. 
650 0 |a Mixing machinery. 
650 0 |a Mixing. 
650 4 |a Major mechanical engineering. 
856 4 1 |u https://hdl.handle.net/1969.1/ETD-TAMU-1988-THESIS-R183  |z Link to OAKTrust copy  |t 0 
999 |a MARS 
999 f f |s 6dd0b097-f585-37bc-85dc-74452360afe9  |i bd477522-e729-3aaf-a73b-3c980201bc00  |t 0 
952 f f |p noncirc  |a Texas A&M University  |b J.J. Pickle Campus  |c High Density Repository  |s HDR  |d Remote Storage  |t 0  |e 1988 Thesis R183  |h Other scheme  |i computer -- online resource  |m A14841016172 
952 f f |a Texas A&M University  |b College Station  |c Electronic Resources  |s www_evans  |d Available Online  |t 0  |e 1988 Thesis R183  |h Other scheme 
998 f f |a 1988 Thesis R183  |t 0  |l Remote Storage 
998 f f |a 1988 Thesis R183  |t 0  |l Available Online